Normal view MARC view
  • Dr. Zafar Mehmood

Entry Personal Name

Number of records used in: 1

001 - CONTROL NUMBER

  • control field: 55281

003 - CONTROL NUMBER IDENTIFIER

  • control field: NUST

005 - DATE AND TIME OF LATEST TRANSACTION

  • control field: 20210609104021.0

008 - FIXED-LENGTH DATA ELEMENTS

  • fixed length control field: 210609|| aca||aabn | a|a d

040 ## - CATALOGING SOURCE

  • Original cataloging agency: NUST
  • Transcribing agency: NUST

100 ## - HEADING--PERSONAL NAME

  • Personal name: Dr. Zafar Mehmood

670 ## - SOURCE DATA FOUND

  • Source citation: Work cat.: (NUST): Huma Mumtaz 55279, Impact of Manufactured Trade and Labour Market Frictions on Unemployment in Pakistan /, 2021.
© 2023 Central Library, National University of Sciences and Technology. All Rights Reserved.